000 01292nam a2200265Ia 4500
999 _c56583
_d56583
001 23697
003 GE_BSU
005 20260326154640.0
008 181216s1986||||ge |||||||||||||| ||geo||
040 _cGE_BSU
041 _ageo
080 _a930(479.22)+ 94(479.22) ჯ-14
100 _aჯავახიშვილი, ი.
_927218
245 _aთხზულებანი : 12 ტომად. ტ. 5. /
_cივანე ჯავახიშვილი ; [ტომის რედ.: პ. გუგუშვილი, ვ. ჩანტლაძე] ; საქ. სსრ მეცნ. აკადემია.
264 _aთბილისი :
_bმეცნიერება,
_c1986.
300 _a827 გვ. ;
_c26 სმ.
541 _h11ლ. 80თ.
653 _aთხზულებანი : 12 ტომად. ტ. 5
653 _aსაქართველოს ეკონომიკის ისტორია
653 _aსაქართველოს ისტორია
653 _aქართული ისტორიოგრაფია
700 _aგუგუშვილი, პ.
_eრედაქტორი
_918004
700 _a ჩანტლაძე, ვ.
_eრედაქტორი
_927219
942 _cBK
_2udc